La habitación cerrada y otros cuentos de terror
Shranjeno v:
| Glavni avtor: | |
|---|---|
| Format: | Knjiga |
| Jezik: | Spanish |
| Izdano: |
Madrid, España
Editorial Alianza
1978
|
| Izdaja: | 2 |
| Teme: | |
| Oznake: |
Označite
Brez oznak, prvi označite!
|
MARC
| LEADER | 00000nam a2200000Ia 4500 | ||
|---|---|---|---|
| 008 | 170316s9999 xx 000 0 spa d | ||
| 999 | |c 28820 |d 28820 | ||
| 040 | |a cru BVZT | ||
| 090 | |a F-810 L-7.1h | ||
| 100 | |a Lovecraft, H. P.; Derleth, August | ||
| 245 | |a La habitación cerrada y otros cuentos de terror |c Lovecraft, H. P.; Derleth, August | ||
| 250 | |a 2 | ||
| 260 | |a Madrid, España | ||
| 260 | |b Editorial Alianza | ||
| 260 | |c 1978 | ||
| 300 | |a 221 páginas | ||
| 650 | |a LITERATURA ESTADOUNIDENSE |9 25 | ||
| 650 | |a FICCIÓN |9 26 | ||
| 942 | |c 15 D |h F-810 L-7.1h |2 z | ||
